| 000 | 00000nas 2200000za 4500 |
| 001 | 9.504159 |
| 003 | CaOODSP |
| 005 | 20240202144710 |
| 007 | cr ||||||||||| |
| 008 | 150406d20042009oncar p o||||f| |0fre|d |
| 040 | |aCaOODSP|bfre |
| 043 | |an-cn--- |
| 086 | 1 |aEn1-53F-PDF |
| 245 | 00|aFlux & reflux |h[ressource électronique] : |ble bulletin d'information du Programme d'assainissement du littoral atlantique / |cpublié par la Direction des relations communautaires et ministérielles. |
| 246 | 3 |aFlux et reflux : |ble bulletin d'information du Programme d'assainissement du littoral atlantique |
| 260 | |aOttawa : |bEnvironnement Canada, |c[2004-2009] |
| 310 | |aAnnuel |
| 362 | 1 |aParaît depuis : Été 2004; ne paraÎt plus après : printemps 2009? |
| 500 | |aPublié aussi en anglais sous le titre : Ebb & flow : a newsletter of the Atlantic Coastal Action program. |
| 710 | 1 |aCanada. |bEnvironnement Canada. |
| 775 | 08|tEbb & flow |w(CaOODSP)9.507779 |